[Event "Doha FIDE GP (Women) 6th"]
[Site "Doha"]
[Date "2011.02.22"]
[Round "1"]
[White "Koneru, Humpy"]
[Black "Dzagnidze, Nana"]
[Result "0-1"]
[WhiteElo "2607"]
[BlackElo "2550"]
[Annotator "Mikhalchishin,A"]
[PlyCount "82"]
[EventDate "2011.02.22"]
[EventType "tourn"]
[EventRounds "11"]
[EventCountry "QAT"]
[EventCategory "10"]
[SourceTitle "CBM 141"]
[Source "ChessBase"]
[SourceDate "2011.03.17"]
[SourceVersion "1"]
[SourceVersionDate "2011.03.17"]
[SourceQuality "1"]
[WhiteClock "0:00:31"]
[BlackClock "0:00:30"]

{A first round encounter between the two main candidates to challenge Hou
Yifan for the World Women's title! It is clear how much nerves played a part
for both players.} 1. Nf3 Nf6 2. c4 e6 3. Nc3 d5 4. d4 c6 5. e3 Nbd7 6. Qc2 b6
{Many players prefer this variation to avoid possible forced lines, especially
in Shabalov's Gambit. Black simply completes development and then starts to
concentrate on the topical pawn break ..c6-c5, but a more aggressive approach
is possible too - to play ...Rc8 and ...c6-c5 first, without castling.} 7. Bd3
({The capture on d5 did not promise any real gains for White. The exchange} 7.
cxd5 exd5 {is not promising:} ({Maybe another recapture is better:} 7... cxd5
8. Nb5 Bb4+ 9. Bd2 Bxd2+ 10. Nxd2 O-O 11. Rc1 a6 12. Qc6 Rb8 13. Nd6 b5 14. Nb3
Nb6 15. Nxc8 Rxc8 16. Qb7 Rxc1+ 17. Nxc1 Na4 {and Black seizes the initiative
Young,A-Kaidanov,G, New York 1997} 18. Nb3) 8. Bd3 Bb7 9. O-O Be7 10. e4 dxe4
11. Nxe4 O-O 12. Ne5 c5 13. Ng5 g6 14. Bc4 Nxe5 15. dxe5 Nd5 16. Rd1 Bxg5 17.
Bxd5 Bxd5 18. Bxg5 Qxg5 19. Rxd5 Rad8 20. Rad1 Rxd5 21. Rxd5 Re8 22. Qc3 Qf5
23. h3 Qb1+ 24. Kh2 Qxa2 25. Rd6 Qa4 26. g3 Qb4 27. f4 Qxc3 28. bxc3 Rb8 {
0-1 Yang,D-Dreev,A, Richardson USA 2010}) 7... Bb7 8. O-O Be7 ({The direct
plan is a bit risky:} 8... dxc4 9. Bxc4 c5 10. Rd1 Qc8 $146 (10... Qc7) (10...
a6) (10... cxd4) (10... Bxf3) 11. d5 exd5 12. Nxd5 Bxd5 13. Bxd5 Nxd5 14. Rxd5
Be7 15. e4 O-O 16. Bg5 Re8 17. Rad1 {with total control over the central file
in Wang-Carlsen, Wijk aan Zee 2009.}) 9. b3 ({There is a possible direct
opening of the centre:} 9. e4 dxe4 10. Nxe4 Nxe4 11. Bxe4 Nf6 12. Ne5 Rc8 13.
Rd1 Nxe4 14. Qxe4 O-O 15. Bf4 Ba8 16. Rd3 c5 17. Qe3 Qe8 18. d5 exd5 19. cxd5
c4 20. Rdd1 Bd6 {with very sharp play, Mamedyarov,S-Timofeev,A, Moscow 2004})
9... O-O ({In a classical game the immediate counterstrike in the centre was
tried:} 9... Rc8 10. Bb2 c5 (10... dxc4 11. bxc4 c5 12. d5 $1) (10... O-O 11.
Rad1 $14) 11. cxd5 $1 cxd4 $2 $146 (11... exd5 12. Bf5 $14) 12. dxe6 dxc3 13.
exd7+ Nxd7 (13... Qxd7 14. Bf5) 14. Bxc3 Bb4 (14... Bf6 15. Bxf6 Qxf6 16. Qe2)
15. Bc4 Bxf3 (15... Bxc3 $142 16. Qxc3 O-O (16... b5 17. Qxg7) 17. Qd4 $16) 16.
gxf3 Bxc3 17. Qxc3 Qg5+ (17... b5 18. Qxg7) 18. Kh1 b5 19. Qa5 $1 {1-0 Kramnik,
V-Ivanchuk,V, Dortmund 1997}) 10. Bb2 h6 11. Rad1 Qc7 12. Qe2 Rad8 13. Ne5 ({
And now} 13. e4 {is not promising:} dxe4 14. Nxe4 Nxe4 15. Bxe4 Nf6 16. Bc2 c5)
13... dxc4 14. bxc4 Nxe5 15. dxe5 Nd7 16. f4 Nc5 17. Bb1 Rxd1 18. Nxd1 Rd8 19.
Nf2 ({Another plan was tried in a key game} 19. Qc2 g6 20. Nf2 h5 21. g4 hxg4
22. Nxg4 Nd3 23. Nh6+ Kg7 24. Nxf7 Kxf7 25. Bd4 c5 26. Qxd3 Rg8 27. Bc3 Qc6 {
with sharp play in Zvjaginsev,V-Dreev,A, Groningen 1997}) 19... Nd7 ({It was
correct to start counterplay on the queenside immediately} 19... b5 $5) 20. Ne4
c5 ({Funny, but the best way was to try to drive the knight from e4. But that
demanded going back to c5...} 20... Nc5) 21. Ng3 {7} Nf8 22. Bc3 {]} a6 ({
Once more Black's plan is a bit slow; a better one would be} 22... Ng6 23. Nh5
Ba6) 23. Nh5 g6 ({The cold-blooded} 23... Qc6 {was necessary:} 24. Nf6+ Kh8)
24. Nf6+ Bxf6 25. exf6 Qc6 26. e4 b5 {Better later than never!} 27. Rf3 ({
Stronger was} 27. Bc2 bxc4 28. Rb1 {and only then capturing on c4, avoiding
Qb5.}) 27... bxc4 28. Bc2 Rd4 $1 {A typical blockading exchange sacrifice,
reminiscent of classics from Botvinnik.} 29. Qe3 Qd6 30. f5 {The last chance
to break her opponent's defence.} ({Another try, namely} 30. Rg3 h5 31. Rg5 Nd7
{offers nothing.}) 30... g5 $6 ({White would be in trouble after the correct} 
30... exf5 $1 31. Qxh6 Qxf6 32. Rxf5 Rd1+ 33. Bxd1 Qxc3) 31. h4 ({Not bad, but
maybe even stronger would be} 31. Rh3) 31... exf5 32. hxg5 $2 ({Now Koneru
could obtain an advantage after} 32. Rxf5 Bc8 33. Rxc5 Qxc5 34. Bxd4) 32...
Bxe4 $1 {Now Dzagnidze is winning.} 33. gxh6 Bxc2 34. Qg5+ (34. Bxd4 {does not
help:} cxd4 35. Qe7 Qb8 36. Kf2 f4) 34... Ng6 35. h7+ Kh8 36. Bxd4 Qxd4+ 37.
Rf2 Be4 38. Qh6 Qxf6 39. Qe3 Qa1+ 40. Kh2 {]} Qd4 41. Qxd4+ cxd4 0-1

[Event "EU-ch 16th"]
[Site "Jerusalem"]
[Date "2015.02.26"]
[Round "3"]
[White "Najer, Evgeniy"]
[Black "Hovhannisyan, Robert"]
[Result "1-0"]
[WhiteElo "2634"]
[BlackElo "2592"]
[Annotator "Mokal,P"]
[PlyCount "75"]
[EventDate "2015.02.24"]
[EventType "swiss"]
[EventRounds "11"]
[EventCountry "ISR"]
[SourceTitle "CBM 166"]
[Source "ChessBase"]
[SourceDate "2015.05.11"]
[SourceVersion "1"]
[SourceVersionDate "2015.05.11"]
[SourceQuality "1"]

1. d4 d5 2. c4 c6 3. Nc3 Nf6 4. e3 e6 5. Nf3 Nbd7 6. Qc2 Bd6 7. Bd3 e5 {
A rare line in high level chess. White has been thought to get a slight edge
in the forthcoming isolated pawn positions.} 8. cxd5 cxd5 9. Nb5 Bb8 10. dxe5
Nxe5 11. Bd2 $146 {A very interesting novelty that brings forward a totally
different concept. White is ready to part with a B for a N to prove the
weakness of the isolated pawn on d5.} ({Previously White has almost
automatically played} 11. Nxe5) 11... Nxd3+ {The best way to challenge White's
strategy.} ({Black definitely must have considered} 11... Nxf3+ 12. gxf3 {
but the change in the structure may actually be favourable for White. The
dynamics seem to offer White good prospects. He can think about castling long
and using the g-file for an attack.} O-O 13. O-O-O $5 $40 {[%cal Gd2c3,Gc3g7,
Gd3h7,Gg1g7]}) 12. Qxd3 O-O 13. Bc3 {White wants to target the d5-pawn quickly
to tie down Black's pieces. He is even ready to delay castling for it.} Ne4 14.
Rd1 {The main argument in this position is whether the isolated pawn is a
strength or a weakness. A well known fact is that the pawn becomes a weakness
with less pieces on the board. What is less common though, is a side getting
ready to play with 2Ns vs 2Bs in such positions.} a6 ({It is too early to take
the B} 14... Nxc3 $6 15. Nxc3 $16 {[%csl Rd5]}) 15. Nbd4 Re8 (15... Qb6 $142 $5
16. O-O Rd8 17. Rc1 (17. Ne2 Bg4 $15) 17... Bg4 $132 {Black's pieces are
starting to get active.}) (15... Nxc3 16. Qxc3 {It is because of Black's
isolated pawn and lack of scope for the light squared B that White is doing
fine in this position, although it is debatable if there is any significant
advantage. Looks like a playable position that could go any way, most likely
to a draw.} Bd6 17. O-O Qb6 $11 {[%cal Gc8d7]}) 16. Ne2 Bg4 ({It looked good
to play} 16... Bf5 17. Qd4 (17. Qxd5 Qxd5 18. Rxd5 Be6 19. Ra5 (19. Rd1 Bxa2
$15) 19... Bc7 20. Ra3 Nxc3 21. bxc3 Rec8 $15 {[%csl Ra2,Rc3,Gc7,Ge6] White is
in deep trouble.}) 17... f6 {This retains dynamic prospects as it makes it
difficult for White to exchange another minor piece without making some
concession or another.} 18. O-O Be6 19. Nf4 (19. Nd2 $6 Be5 $15) (19. Ng3 Bxg3
20. hxg3 Rc8 21. Rc1 (21. Bb4 a5 22. Ba3 b5 23. b3 Nc3 24. Rd2 b4 $15) 21...
Rc4 22. Qd3 Qc7 $132) 19... Bxf4 20. exf4 Rc8 $15) 17. h3 Be6 18. O-O Qd7 19.
Be5 $1 {Logically, White insists on exchanging another minor piece.
Hovhannisyan is faced with a tough choice. Should he allow the exchange of the
Bs and suffer in the typical isolated pawn structure or should he go for an
unclear piece sacrifice.} Bxh3 $5 {Not surprisingly, the young player chooses
the latter!} ({Although Black seems to have had a nice counter in} 19... Bxe5
20. Nxe5 Qa4 $132 {[%cal Ge6h3,Ga4a2]} 21. Qb1 (21. a3 Bxh3 22. Qxd5 Be6 23.
Qxb7 Rab8 24. Rd4 Rxb7 25. Rxa4 Rxb2 26. Rxe4 Rxe2 27. Ra4 Ra8 $11) (21. f3 f6
22. fxe4 dxe4 23. Qd4 Qb5 24. Nc3 Qxe5 25. Qxe5 fxe5 26. b3 Red8 $11) (21. Qd4
Qxd4 22. exd4 (22. Nxd4 Bxh3 $15) 22... Rac8 $11) 21... Bf5 22. Nd3 Qd7 23. Nd4
Bxh3 24. gxh3 Qxh3 $11) 20. Bxb8 Raxb8 21. gxh3 Qxh3 22. Nh2 Re5 (22... Rbd8
23. Nf4 Qh4 24. Ng2 Qg5 25. Rfe1 {[%cal Gf2f3] /\f3} (25. Nf3 Qh6 $13) 25...
Re6 (25... Rd6 26. f3 Rg6 27. Ng4 $16 {[%cal Gd3d5]}) 26. f3 Rg6 27. Re2 Ng3
28. Rc2 Nf5 (28... h5 29. f4 $14) 29. Ng4 Ne7 (29... h5 30. Ne5 Qxe3+ 31. Qxe3
Rxg2+ 32. Rxg2 Nxe3 33. Rdd2 Nxg2 34. Kxg2 $14) 30. Qc3 $14 {[%cal Gg4e5]}) 23.
Nf4 Qh4 24. Qe2 Nf6 $2 {Faltering at the critical moment. It was better to
support the pawn with the rook. The knight was blocking the path of an
important defender.} (24... Rg5+ 25. Kh1 Rd8 (25... Rc8 $6 26. Rxd5 Rxd5 27.
Nxd5 $16) 26. Qc2 {[%csl Rg8] Forcing Black to move a pawn that will block the
rook's path after it lifts to the 3rd rank with ...Rd6.} (26. Rd4 Rd6 27. Qc2
h6 (27... Rc6 $2 28. Qxe4 Rg1+ 29. Rxg1 dxe4 30. Rg4 $16) (27... g6 28. Ng2 Qh6
$11) 28. Ng2 Qh3 29. Nf4 Qh4 $11) (26. Qf3 $5 {[%cal Gf3h3] Stopping ...Rd6.}
Rf5 (26... Rd6 27. Qh3 $1 {[%cal Gh3c8,Gh3h4]} Qxh3 28. Nxh3 $14) 27. Qg2 Rg5
28. Qf3 (28. Qh3 Qxf2 $1) 28... Rf5 $11) 26... h6 $11 {Its hard to find any
progress for either side. It looks like dynamic equality, but it is still
Black who may have to keep watch to prevent White from consolidating his
material advantage with some defensive resources.} (26... g6 $5)) 25. Rd4 $1
$16 {[%cal Gd4h4] This solves White's problems.} Rg5+ 26. Kh1 Re8 $6 {Making
it easier for White, though it was hard to suggest anything for Black.} 27. Ne6
$1 Qh5 (27... Ng4 28. Rxg4 Rxg4 29. Qxg4 Qxg4 30. Nxg4 Rxe6 31. Rd1 $18) 28.
Qxh5 Rxh5 29. Nf4 $18 {The rest is easy.} Rf5 30. Rc1 g5 31. Nd3 Re7 32. Nf1
Ne4 33. Kg2 g4 34. Ng3 Rg5 35. Nxe4 Rxe4 36. Rxe4 dxe4 37. Rc5 Rg6 38. Nf4 1-0

[Event "Dortmund 45th"]
[Site "Dortmund"]
[Date "2017.07.16"]
[Round "2"]
[White "Bluebaum, Matthias"]
[Black "Fedoseev, Vladimir1"]
[Result "1-0"]
[WhiteElo "2642"]
[BlackElo "2726"]
[Annotator "Moradiabadi,E"]
[PlyCount "61"]
[EventDate "2017.07.15"]
[EventType "tourn"]
[EventRounds "7"]
[EventCountry "GER"]
[EventCategory "19"]
[SourceTitle "CBM 180"]
[Source "ChessBase"]
[SourceDate "2017.09.13"]
[SourceVersion "1"]
[SourceVersionDate "2017.09.13"]
[SourceQuality "1"]

{Lori Greiner, one of the main characters of Shark Tank, is very proud of her
talent in identifying whether a business idea is a 'hero or zero'. Well, I
wish I had her sharp instinct in chess to realize what is going on with
Fedoseev's tournaments. The aggressive young Russian star keeps dazzling and
baffling me. After winning 'easily' against Kramnik, the Russian succumbed to
his first defeat after an overly optimistic opening against host hero Matthias
Bluebaum.} 1. d4 d5 2. c4 c6 3. Nf3 Nf6 4. Nc3 e6 5. e3 $5 {A good sign, since
the Semi-Slav is becoming fashionable again in top level tournaments. A rich
opening which for a few years was out of fashion because it was considered
somewhat benign.} Nbd7 6. Qc2 Bd6 7. Bd3 O-O 8. O-O dxc4 9. Bxc4 e5 (9... b5 {
is of course where the main theoretical battle in the 'Meran' takes place.}) (
9... a6 {and}) (9... Qe7 {are two other frequent options.}) 10. h3 {A thematic
reaction. White is ready to take back on d4 with the e-pawn and face ...e4
with Ng5 avoiding possible nasty threats on h2.} Qe7 (10... exd4 11. exd4 Nb6
12. Bb3 Nbd5 13. Bg5 Be6 14. Ne4 {looks like a slight and long lasting edge.})
11. Bb3 Nb6 $2 {Too modern for me. I cannot understand what Black actually
gets by giving away his dark-squared bishop.} (11... Bc7 {White is now
planning a Nf3-h4-f5 maneuver. Black has to either react by opening up the
c8-h3 diagonal or withdrawing his bishop from c7.} 12. Bd2 h6 13. Rad1 (13. Nh4
Re8 14. Nf5 Qf8 15. Rad1 Kh8 16. dxe5 Bxe5 17. f4 Bb8 18. e4 Nc5 19. e5 Nxb3
20. exf6 (20. axb3 Qc5+ 21. Ne3 Ng8 22. Kh1 Be6 23. Rde1 b6 24. Rf3 a5 25. Nc4
a4 26. Ne4 axb3 27. Nxc5 bxc2 28. Nxe6 fxe6 29. Nxb6 Rd8 30. Nxa8 Rxd2 31. Rc1
Ba7 32. Kh2 Bd4 33. Rb3 g5 34. Nb6 gxf4 35. Nc4 Rd1 36. Rxc2 Bg1+ {1/2-1/2 (36)
Forsberg,J (2521)-Pheby,I (2559) ICCF email 2005}) 20... Qc5+ $13) 13... Re8
14. Nh4 Nf8 15. Nf5 Bxf5 16. Qxf5 e4 17. h4 Rad8 18. a3 Qd7 $6 (18... Qd6 19.
Qh3 N8d7 20. Ne2 Nd5 {and Black is doing well}) 19. Qxd7 N8xd7 20. g3 Nb6 21.
Kg2 h5 22. Rc1 g6 23. Rc2 Re7 24. Ba2 Bd6 25. Rb1 Red7 26. b4 Bf8 27. Kf1 a6
28. Ke2 Kg7 29. Be1 Re8 30. Rbb2 Ng4 31. Nb1 f5 32. Bb3 Nf6 33. Nd2 Nfd5 34.
Rb1 Kf6 35. Ba2 g5 36. hxg5+ Kxg5 37. Nb3 Nf6 38. Bd2 Rh7 39. Na5 Ree7 40. Rh1
h4 41. gxh4+ Rxh4 42. Rxh4 Kxh4 43. Rc1 Kg5 44. Rh1 Bg7 45. Nb3 Nbd5 46. Nc5 f4
47. Rg1+ Kf5 48. exf4 Bh6 49. Bb1 b6 50. Nxe4 Bxf4 51. Kd1 Bxd2 52. Ng5+ Ne4
53. Bxe4+ Rxe4 54. Nxe4 Kxe4 55. Kxd2 Kxd4 56. Rg4+ Ke5 57. Rg6 Nf6 58. Kd3 Kf5
59. Rg7 Ng4 60. Kd4 Ne5 61. Ra7 c5+ 62. bxc5 Nc6+ 63. Kd5 Nxa7 64. cxb6 Nc8 65.
b7 Ne7+ 66. Kc5 {1-0 (66) Duda, J (2697)-Adhiban,B (2670) Khanty-Mansiysk 2017}
) (11... Bb8 {My knowledge tells me that this is the better move but a new
round of analyses is required to probe the nuances of these two bishop moves.}
12. Bd2 h6 13. Nh4 Rd8 14. Nf5 Qf8 $1 (14... Qe8 $2 15. f4 exd4 16. exd4 Nf8
17. Rae1 Be6 18. d5 Nxd5 19. Nxd5 cxd5 20. Nxg7 $18) 15. Rad1 Nb6 16. dxe5 (16.
Rfe1 $146 exd4 17. exd4 Nbd5 {looks interesting but it seems that Black has a
very comfortable blockade on d5.}) 16... Bxe5 17. f4 Bc7 {Black should manage
to solve his problems here.}) 12. dxe5 Bxe5 13. Nxe5 Qxe5 14. e4 Re8 15. Re1
$146 (15. f3 Be6 16. Bxe6 Rxe6 17. Qf2 Rd8 18. Be3 Nc4 19. Rad1 Rxd1 20. Rxd1
Nxe3 21. Qxe3 Qa5 22. f4 h6 23. e5 Re7 24. Kh2 Nd7 25. Qd4 Qc5 26. Qd2 Qc4 27.
b3 Qe6 28. Ne4 f6 29. exf6 Nxf6 30. Qd8+ Kh7 31. Nxf6+ Qxf6 32. Qd3+ Qg6 33.
Qf3 Qc2 34. Rd8 Qf5 35. Rd2 Rd7 36. Re2 Rd4 37. g3 Rd3 38. Qf2 b6 39. Qg2 Rd5
40. Qf3 a5 41. Kg2 Qd3 42. Kf2 c5 43. Qxd3+ {1/2-1/2 (43) Ruzele,D (2505)
-Bykhovsky,A (2425) Berlin 1995}) 15... Nbd5 16. Bd2 Nf4 17. Bxf4 Qxf4 18. Rad1
{Ok the pair of bishops is gone but now White has a better center and
development.} Nd7 $2 {Too much! It may even lose by force!} (18... Bd7 19. Qd2
Qxd2 20. Rxd2 Be6 21. Bxe6 Rxe6 22. Red1 Kf8 23. f3 h5 {And yes, White is
better but I do not see how he can improve here whatsoever.}) 19. Re3 $1 {
The only hard move from now until the end of the game.} Qg5 (19... Ne5 20. Ne2
Qh4 21. f4 {with an unstoppable attack.}) (19... Qh4 20. e5 Nc5 21. Ne4 Nxb3
22. Qxb3 {also with a huge advantage.}) 20. f4 Qe7 (20... Qxf4 21. Rf3 {
and f7 falls.}) (20... Qc5 21. Qf2) 21. Qf2 Nb6 22. f5 $1 {Now e5 is
unstoppable and ...Be6 is already prevented.} a5 {Too late.} 23. e5 a4 24. f6
$1 {Mate or loss of material is inevitable. The rest does not really need any
comment.} Qb4 25. a3 (25. Bxf7+ Kxf7 26. fxg7+ {is crushing too.}) 25... Qf8 (
25... Qxb3 26. Qg3 g6 27. Qf4 Kh8 28. Qh6 Rg8 29. Rd8 $1 {with inevitable mate.
}) 26. fxg7 Qe7 27. Ne4 axb3 28. Nf6+ Kxg7 29. Nxe8+ Kh8 (29... Qxe8 30. Rg3+
Kf8 31. Qc5+ Qe7 32. Rd8#) 30. Nc7 Rb8 31. Rf3 {A crushing victory for
Bluebaum and I believe Fedoseev will reconsider his opening choices despite
his flamboyant style!} 1-0

[Event "Asia-ch 5th"]
[Site "Hyderabad"]
[Date "2005.10.08"]
[Round "3"]
[White "Wang, Rui"]
[Black "Al Modiahki, Mohamad"]
[Result "0-1"]
[WhiteElo "2474"]
[BlackElo "2568"]
[Annotator "Mueller,Karsten"]
[PlyCount "208"]
[EventDate "2005.10.05"]
[EventType "swiss"]
[EventRounds "9"]
[EventCountry "IND"]
[SourceTitle "CBM 110"]
[Source "ChessBase"]
[SourceDate "2006.01.31"]
[SourceVersion "1"]
[SourceVersionDate "2006.01.31"]
[SourceQuality "1"]

1. d4 d5 2. Nf3 Nf6 3. c4 c6 4. Nc3 e6 5. e3 Nbd7 6. Qc2 Bd6 7. Bd3 dxc4 8.
Bxc4 O-O 9. O-O Qe7 10. a3 e5 11. h3 Bb8 12. Ba2 h6 13. Nh4 Rd8 14. Nf5 Qe8 15.
Bd2 Nf8 16. Rad1 Qd7 17. Ng3 exd4 18. exd4 Qc7 19. Nce2 Be6 20. Bb1 Ng6 21. Qc1
Qd7 22. Bxg6 fxg6 23. Bf4 g5 24. Be5 Qf7 25. Nc3 Nd7 26. Bxb8 Raxb8 27. Nge4
Nb6 28. f4 g4 29. f5 Bc4 30. Rf2 gxh3 31. gxh3 Nd5 32. f6 Nxc3 33. bxc3 Bd5 34.
Rg2 g6 35. Qf4 Bxe4 36. Qxe4 Kh7 37. Qf4 Rf8 38. Re1 Qxf6 39. Qxf6 Rxf6 40.
Re7+ Kg8 41. Rf2 Rxf2 42. Kxf2 Rf8+ 43. Ke3 Rf7 44. Re8+ Kg7 45. c4 Kf6 46. Rg8
Re7+ 47. Kd3 Re1 48. Rf8+ Ke7 49. Rb8 Rb1 50. Kc2 Rb6 51. h4 Ke6 52. h5 gxh5
53. Rh8 Kf5 54. Rxh6 Ke4 55. c5 Ra6 56. Rxh5 Kxd4 57. Rh7 Kxc5 58. Rxb7 Rxa3
59. Kb2 Ra5 60. Rh7 Kb6 61. Rh6 Rg5 62. Kb3 Kb5 63. Rh3 c5 64. Rf3 a5 65. Rh3
Rd5 $5 {[%mdl 4096] Den folgenden Trick halte ich für bemerkenswert, weil
einige Spieler nach der Regel verteidigen, dass man stets vor den a-Bauern
ziehen soll, was bei richtiger Anwendung auch funktioniert. Allerdings nicht
so, wie Weiß es in der Partie interpretiert.} 66. Rg3 ({Nach} 66. Rh8 $5 a4+ {
wäre} 67. Ka3 {spielbar.}) 66... a4+ 67. Ka3 $2 (67. Kc3 c4 68. Rg8 Rd3+ 69.
Kb2 a3+ 70. Ka2 $11) 67... Rd1 $2 {Dies verpasst die Chance, die schlechte
Stellung des weißen Königs auszunutzen:} (67... c4 $1 68. Rg8 c3 69. Rc8 Rc5
70. Rb8+ Kc4 71. Rh8 Kd3 72. Rd8+ Ke3 73. Re8+ Kd2 74. Rd8+ Kc1 $19) 68. Rg4
Rd3+ 69. Kb2 Rd2+ 70. Ka3 Rd4 71. Rg8 Rd3+ 72. Kb2 Kb4 73. Rb8+ Kc4 74. Rh8
Rb3+ 75. Ka2 Re3 76. Kb2 Rd3 77. Rg8 Rd2+ 78. Ka3 Rd1 79. Rg4+ Kb5 80. Rh4 Rd3+
81. Kb2 $1 a3+ 82. Ka2 c4 83. Rh8 Kb4 84. Rh2 $2 {Zu passiv.} (84. Rb8+ $1 Kc3
85. Rc8 $1 Kd4 (85... Rd4 86. Kxa3 $11) 86. Rd8+ Ke3 87. Rc8 c3 88. Kxa3 Kd2
89. Kb3 $11) 84... Rd4 85. Rh8 Rd2+ 86. Kb1 c3 87. Rb8+ Kc4 88. Ra8 Kd3 89.
Rd8+ (89. Rxa3 Rb2+ 90. Ka1 Rb8 $19) 89... Ke2 90. Rc8 Rd3 $2 (90... Rd1+ 91.
Ka2 (91. Kc2 a2 $19) 91... Rd3 92. Kxa3 Kd1 93. Kb3 c2+ 94. Kb2 Rd2 $19) 91.
Kc2 a2 92. Re8+ Re3 93. Ra8 Ke1 94. Ra7 Kf2 95. Kb3 Ke2 96. Rxa2+ (96. Kc2 Rd3
97. Re7+ Kf2 98. Ra7 $11) 96... Kd3 97. Ra8 (97. Rh2 {wirkt logischer.}) 97...
Kd2 98. Rc8 $1 Rd3 99. Rc7 Rd8 100. Rc6 $2 (100. Rh7 Rb8+ (100... c2 101. Rh2+
Kd3 102. Rh3+ $11) 101. Ka2 Re8 102. Rh2+ Re2 103. Rh1 c2 104. Kb2 $11 {
und Weiß hat die Verteidigung auf der letzten Reihe eingenommen.}) 100... Rb8+
101. Ka2 c2 102. Rd6+ Kc1 103. Rc6 Ra8+ 104. Kb3 Kb1 (104... Kb1 105. Rxc2 Rb8+
106. Kc3 Rc8+ $19) 0-1

[Event "ESP-chT"]
[Site "Ponferrada"]
[Date "1997.??.??"]
[Round "3"]
[White "Granda Zuniga, Julio E"]
[Black "Nogueiras Santiago, Jesus"]
[Result "1/2-1/2"]
[WhiteElo "2625"]
[BlackElo "2535"]
[Annotator "Nogueiras Santiago,J"]
[PlyCount "64"]
[EventDate "1997.08.29"]
[EventType "team"]
[EventRounds "9"]
[EventCountry "ESP"]
[SourceTitle "CBM 061"]
[Source "ChessBase"]
[SourceDate "1997.11.23"]
[SourceVersion "1"]
[SourceVersionDate "1997.11.23"]
[SourceQuality "1"]

1. c4 c6 2. d4 d5 3. Nc3 Nf6 4. Nf3 e6 5. e3 Nbd7 6. Qc2 Bd6 7. Bd3 O-O 8. O-O
dxc4 9. Bxc4 a6 (9... e5 $10) 10. a4 c5 11. b3 b6 12. Bb2 $15 (12. Ba3 $10)
12... Bb7 13. Rad1 cxd4 $10 (13... Bxf3 $5 14. gxf3 cxd4 15. Rxd4 Qc7 $10) 14.
Rxd4 $15 (14. Nxd4 $5 Ne5 15. Be2 $10) 14... Qc7 15. Rfd1 $17 (15. h3 $15)
15... Be7 $10 (15... Bxf3 $5 16. gxf3 Bxh2+ 17. Kh1 Be5 $17) 16. Ng5 Rfd8 $14 (
16... Qc6 17. e4 Ne5 $10) 17. Bd3 g6 18. Rc4 Qb8 19. Nce4 $15 (19. Be4 $10)
19... Nxe4 20. Nxe4 Ra7 21. Qc3 e5 22. Be2 $15 (22. Rc7 $10) 22... b5 23. Rc7
Bxe4 $15 (23... b4 24. Qc1 Bxe4 25. Rdxd7 Rxd7 26. Rc8+ Qxc8 27. Qxc8+ Rd8 $10)
24. Rdxd7 $7 Rxc7 (24... Rxd7 25. Qxe5 $1 f6 26. Qe6+ Kf8 27. Rxd7 Rxd7 28.
Qxd7 (28. Qxe4 $2 Rd2 $19) 28... bxa4 29. Qxa4 $16) 25. Qxc7 (25. Rxc7 $2 Bd6
26. Rc6 Bxc6 27. Qxc6 Rc8 $19) 25... Qxc7 26. Rxc7 Rd2 27. Bc3 $15 (27. Bxe5
Rxe2 28. f3 $10) 27... Rxe2 28. Rxe7 Rc2 $10 (28... f6 29. Ra7 Rc2 $15) 29.
Re8+ Kg7 30. Bxe5+ f6 31. f3 fxe5 $16 (31... Kf7 $5 32. Rh8 (32. fxe4 Kxe8 33.
Bxf6 b4 $15) 32... bxa4 33. bxa4 (33. Rxh7+ Kg8 34. Ra7 fxe5 35. bxa4 (35. fxe4
$2 axb3 36. Rxa6 b2 37. Rxg6+ Kf7 $17) 35... Bd3 $19) 33... Bc6 $14) 32. fxe4
Rb2 1/2-1/2